| 000 | 01124nab a22002177a 4500 | ||
|---|---|---|---|
| 999 |
_c6260 _d6260 |
||
| 003 | OSt | ||
| 005 | 20260128011105.0 | ||
| 008 | 190514b xxu||||| |||| 00| 0 spa d | ||
| 040 | _cPJ | ||
| 100 |
_96969 _aCutuli Grasso, Nicole Melany |
||
| 245 | 1 | 0 |
_aTécnicas de reproducción humana asistida : _bel nuevo paradigma que regula el Código Civil y Comercial de la Nación / _cNicole Melany Cutuli Grasso. |
| 300 | _ap. 109-114 | ||
| 500 | _aCita: TR LALEY AR/DOC/2504/2025. | ||
| 505 | _aSumario: I. Introducción.— II. Principio de autonomía personal.— III. De los modelos.— IV. Técnicas de reproducción humana asistida.— V. Información de lxs nacidxs bajo las TRHA.— VI. Conflictos en el ámbito judicial.— VII. Palabras finales | ||
| 505 | _tSi te interesa el texto, comunicate a koha@justierradelfuego.gov.ar | ||
| 650 | 0 |
_9967 _aDERECHO DE FAMILIA |
|
| 650 | 0 |
_91497 _aCODIGO CIVIL Y COMERCIAL |
|
| 650 | 0 |
_94292 _aTÉCNICAS DE REPRODUCCIÓN HUMANA ASISTIDA |
|
| 773 | 0 |
_02844 _93222 _dBuenos Aires : AbeledoPerrot, 1989- _tDerecho de familia. N° 122 - Noviembre 2025 _z18511201 |
|
| 942 |
_2udc _cANA |
||